000 00857nam a2200289Ia 4500
003 OSt
005 20221006155041.0
006 a|||||r|||| 00| 0
007 ta
008 221006b |||||||| |||| 00| 0 jpn d
020 _a1920081020003
_c¥2000
024 _a40,213
037 _bGift, Japan Foundation
_cTextual
040 _aEASL
_cEASL
_bjpn
041 _2jpn
_ajpn
082 _aP42:1, P2
100 _aNakamura Masato Ed.
_9668215
245 0 _aOnsei gengo communication
260 _aTokyo
_bSobunsha Shuppan Japan
_c2002
300 _a160p.
_ccm.
490 _v JL
650 _a Phonetics - Japanese language
_9668216
650 _aJL
700 _a Nagafuchi Michihiko Ed.
_9668217
942 _hP42:1, P2
_cTEXL
_2CC
999 _c1108299
_d1108299